Pascal for students : (Record no. 9327)

MARC details
000 -LEADER
fixed length control field 01291cam a2200349 a 4500
001 - CONTROL NUMBER
control field 12229874
003 - CONTROL NUMBER IDENTIFIER
control field OSt
005 - DATE AND TIME OF LATEST TRANSACTION
control field 20240822111431.0
008 - FIXED-LENGTH DATA ELEMENTS--GENERAL INFORMATION
fixed length control field 960229s1996 enka 001 0 eng d
010 ## - LIBRARY OF CONGRESS CONTROL NUMBER
LC control number 00456376
020 ## - INTERNATIONAL STANDARD BOOK NUMBER
International Standard Book Number 0340645881 (pbk.)
035 ## - SYSTEM CONTROL NUMBER
System control number (MiU)notisARB0182
035 ## - SYSTEM CONTROL NUMBER
System control number (OCoLC)34292221
035 ## - SYSTEM CONTROL NUMBER
System control number (CStRLIN)MIUGARB0182-B
040 ## - CATALOGING SOURCE
Original cataloging agency GUA
Transcribing agency must
Modifying agency DLC
082 ## - DEWEY DECIMAL CLASSIFICATION NUMBER
Classification number 005.1 HAL 1996
100 1# - MAIN ENTRY--PERSONAL NAME
Personal name Hahn, Brian D.
9 (RLIN) 19058
245 10 - TITLE STATEMENT
Title Pascal for students :
Remainder of title including Turbo Pascal /
Statement of responsibility, etc. Brian D. Hahn, Ray Kemp.
250 ## - EDITION STATEMENT
Edition statement 3rd ed.
260 ## - PUBLICATION, DISTRIBUTION, ETC. (IMPRINT)
Place of publication, distribution, etc. London ;
-- New York :
Name of publisher, distributor, etc. Arnold,
Date of publication, distribution, etc. 1996.
300 ## - PHYSICAL DESCRIPTION
Extent xi, 371 p. :
Other physical details ill. ;
Dimensions 25 cm.
500 ## - GENERAL NOTE
General note Revision of: Pascal for students / R. Kemp. 2nd ed. 1987.
500 ## - GENERAL NOTE
General note Includes index.
630 00 - SUBJECT ADDED ENTRY--UNIFORM TITLE
Uniform title Turbo Pascal (Computer file)
9 (RLIN) 2144
650 #0 - SUBJECT ADDED ENTRY--TOPICAL TERM
Topical term or geographic name as entry element Pascal (Computer program language)
9 (RLIN) 2145
700 1# - ADDED ENTRY--PERSONAL NAME
Personal name Kemp, Ray.
9 (RLIN) 19059
856 41 - ELECTRONIC LOCATION AND ACCESS
Materials specified Table of contents
Uniform Resource Identifier <a href="http://www.loc.gov/catdir/toc/els051/00456376.html">http://www.loc.gov/catdir/toc/els051/00456376.html</a>
856 42 - ELECTRONIC LOCATION AND ACCESS
Materials specified Publisher description
Uniform Resource Identifier <a href="http://www.loc.gov/catdir/description/els031/00456376.html">http://www.loc.gov/catdir/description/els031/00456376.html</a>
906 ## - LOCAL DATA ELEMENT F, LDF (RLIN)
a 7
b cbc
c copycat
d 2
e ncip
f 19
g y-gencatlg
942 ## - ADDED ENTRY ELEMENTS (KOHA)
Source of classification or shelving scheme Dewey Decimal Classification
Koha item type Book Bank
Holdings
Withdrawn status Lost status Source of classification or shelving scheme Damaged status Not for loan Home library Current library Date acquired Source of acquisition Inventory number Total Checkouts Full call number Barcode Date last seen Price effective from Koha item type
    Dewey Decimal Classification     MUST Main Library MUST Main Library 22/08/2024 donation 02/17750   005.1 HAL 1996 2024-22270 22/08/2024 22/08/2024 Book Bank